000 00544nam a22001931 4500
001 bimo0001447720
003 OSt
005 20130528134546.0
008 990201s1966 sp spa
040 _aSpMaBN
_cBMC
082 _aUr860.45
100 _aSilva Valdés, Fernán
_d1887-1975
_9555
245 1 0 _aCuentos del Uruguay
_b : (evocación de mitos, tradiciones y costumbres)
_cFernán Silva Valdés
250 _a2ª ed
260 0 _aMadrid
_bEspasa-Calpe
_c1966
300 _a224 p.
_c18 cm
490 0 _aAustral
_v538
942 _2ddc
_cBK
999 _c455
_d455